000 00360nam a2200145Ia 4500
008 230917s9999||||xx |||||||||||||| ||und||
040 _e13690
_aMAIN
041 _aEnglish
082 _a515.64 P25I
100 _aPars, L A
245 0 _aIntroduction to the calculus of variations
260 _aLondon
_bHeinemann
_c1965
300 _axi,350 p.
942 _cBK
999 _c186352
_d186352